| 000 | 00470nam a2200181Ia 4500 | ||
|---|---|---|---|
| 003 | LK-CoDNM | ||
| 008 | 010623t1960 xxu||||| |||| 00| 1 eng d | ||
| 040 |
_aLK-CoDNM _dLK-CoDNM _eLK-CoDNM |
||
| 041 | _aeng | ||
| 080 |
_a392:393 _bGEN |
||
| 100 |
_aCaffee , Gabrielle L _etr. |
||
| 245 | _aThe rites of passage | ||
| 260 |
_bRoutledg Kegan Paul _aLondon _c1960 |
||
| 300 | _b198p, 21 cm | ||
| 700 | _aGennep , Arnold | ||
| 700 | _aVizedom , Monika B. | ||
| 942 | _cBK | ||
| 999 |
_c105276 _d105276 |
||